00585 a2200181 450000500170000000800410001702000150005804000500007304100080012324500660013126000490019730000330024649000260027965000290030565000130033465000160034770000400036320180312141943.0131002b ck a gr|||| 00| 0 spa d a9582000147 aCO-BoUCMbspacJose A. GerenadJose A. Gerena00aspa00aCuentos picarescoscSelección de Joaquín Peña Gutierrez bMagisterioaBogotá (Colombia)c[sin fecha] a105 páginasbilustraciones aMontaña mágicav5 7aColecciones de escritos  7aCuentos  7aLiteratura 1 aPeña Gutierres, Joaquíneeditor